000 00322nam a22001217a 4500
008 230626b xxu||||| |||| 00| 0 eng d
082 _a328.34
_bMAR
100 _cGeoffrey Marshall
245 _aParliamentary Sovereignty and the Commonwealth
260 _aOxford
_bClarendon Press
_c1957
300 _a277p
942 _2ddc
_cBK
999 _c2595
_d2595